[Event "AUTO-ADV-4723"]
[Site "http://www.queenalice.com/game.php?id=1829102"]
[Date "2024.1.12"]
[Round "2"]
[White "donadama"]
[Black "ChessColossos"]
[Result "1-0"]
[WhiteElo "2015"]
[BlackElo "1962"]

1. d4 e6 2. c4 Bb4+ 3. Nc3 Bxc3+ 4. bxc3 b6 5. Nf3 Bb7 6. e3 Nf6 7. Be2 O-O 8.
Ba3 Re8 9. O-O d6 10. Re1 Ne4 11. Qc2 Nd7 12. Bd3 Ng5 13. Nxg5 Qxg5 14. e4 f5
15. Bc1 1-0

[Event "AUTO-ADV-4723"]
[Site "http://www.queenalice.com/game.php?id=1829103"]
[Date "2024.1.12"]
[Round "2"]
[White "ChessColossos"]
[Black "donadama"]
[Result "0-1"]
[WhiteElo "1948"]
[BlackElo "2029"]

1. e4 c5 2. Nf3 Nc6 3. Bb5 e6 4. O-O Qc7 5. Bxc6 bxc6 6. c3 d5 7. Re1 Be7 8. d3
dxe4 9. dxe4 Nf6 10. Bg5 O-O 11. e5 Nd5 12. Bxe7 Qxe7 13. Nbd2 Ba6 0-1

[Event "AUTO-ADV-4736"]
[Site "http://www.queenalice.com/game.php?id=1832336"]
[Date "2024.2.25"]
[Round "2"]
[White "Daniel1962"]
[Black "donadama"]
[Result "1-0"]
[WhiteElo "1665"]
[BlackElo "1998"]

1. d4 d5 2. Nc3 e6 3. Bf4 Nf6 4. Nb5 Bd6 5. Bxd6 cxd6 6. e3 O-O 7. Nf3 a6 8. Nc3
Nc6 9. a3 Qc7 10. Bd3 e5 11. dxe5 dxe5 12. Nh4 d4 13. Ne4 Be6 14. Nxf6+ gxf6 15.
Qh5 1-0

[Event "AUTO-ADV-4736"]
[Site "http://www.queenalice.com/game.php?id=1832337"]
[Date "2024.2.25"]
[Round "2"]
[White "donadama"]
[Black "Daniel1962"]
[Result "1-0"]
[WhiteElo "1990"]
[BlackElo "1735"]

1. d4 d5 2. Nf3 h6 3. c3 Bf5 4. e3 Nf6 5. Bd3 Ne4 6. O-O Nc6 7. Nbd2 Nxd2 8.
Qxd2 Be6 9. Re1 f5 10. Qe2 g5 11. Ne5 Nxe5 12. dxe5 g4 13. c4 h5 14. cxd5 Qxd5
15. b3 h4 16. e4 Qxe5 17. Bb2 Qd6 18. Bxh8 f4 19. e5 Qb6 20. Bg6+ Bf7 21. Bxf7+
Kxf7 22. Qxg4 Qh6 23. e6+ Ke8 24. Be5 f3 25. Bxc7 Bg7 26. Qxf3 Bf6 27. Qxb7 Kf8
28. Qxa8+ Kg7 29. Rad1 Bc3 30. Qe8 Bxe1 31. Qf7+ 1-0

[Event "AUTO-ADV-4736"]
[Site "http://www.queenalice.com/game.php?id=1832342"]
[Date "2024.2.25"]
[Round "2"]
[White "donadama"]
[Black "OnlyJoking"]
[Result "1-0"]
[WhiteElo "1996"]
[BlackElo "1852"]

1. d4 d6 2. Nf3 Nf6 3. Bg5 Nbd7 4. e3 g6 5. Nbd2 e6 6. Bd3 Be7 7. O-O Nh5 8.
Bxe7 Qxe7 9. Re1 d5 10. e4 c6 11. exd5 cxd5 12. c4 dxc4 13. Bxc4 Nf4 14. d5 Nc5
15. dxe6 Bxe6 16. Bxe6 Ncxe6 17. Qb3 b6 18. g3 Nh5 19. Nd4 O-O 20. Nxe6 fxe6 21.
Rxe6 Qc5 22. Rc6+ 1-0

[Event "AUTO-ADV-4736"]
[Site "http://www.queenalice.com/game.php?id=1832343"]
[Date "2024.2.25"]
[Round "2"]
[White "OnlyJoking"]
[Black "donadama"]
[Result "0-1"]
[WhiteElo "1842"]
[BlackElo "2006"]

1. d4 d5 2. c4 e6 3. Nf3 Nf6 4. Bg5 Be7 5. Bxf6 Bxf6 6. e3 O-O 7. Nc3 b6 8. b3
Bb7 9. Bd3 Nd7 10. O-O c5 11. Be2 Rc8 12. Nb5 a6 13. Nd6 Rc7 14. Rc1 Be7 15.
Nxb7 Rxb7 16. a4 a5 17. Qd2 cxd4 18. Nxd4 Ba3 19. Rc2 Bb4 20. Qc1 dxc4 21. Rxc4
Ne5 22. Nc6 Qf6 23. Rf4 Qxf4 24. exf4 Nxc6 25. Qxc6 Rbb8 26. Bb5 Rfc8 27. Qd6
Bxd6 0-1

[Event "AUTO-ADV-4736"]
[Site "http://www.queenalice.com/game.php?id=1832344"]
[Date "2024.2.25"]
[Round "2"]
[White "donadama"]
[Black "Scharlatan"]
[Result "0-1"]
[WhiteElo "2076"]
[BlackElo "2089"]

1. d4 d5 2. Nf3 Nf6 3. Bg5 Ne4 4. e3 Nxg5 5. Nxg5 e5 6. Nf3 e4 7. Nfd2 Be6 8. c4
c6 9. Qc2 Bd6 10. Nc3 f5 11. cxd5 cxd5 12. Qb3 Qe7 13. Nxd5 Qf7 14. Bc4 Nc6 15.
Nc7+ Bxc7 16. Bxe6 Qg6 17. g3 Bb6 18. Nc4 Qxe6 0-1

[Event "AUTO-ADV-4736"]
[Site "http://www.queenalice.com/game.php?id=1832345"]
[Date "2024.2.25"]
[Round "2"]
[White "Scharlatan"]
[Black "donadama"]
[Result "1-0"]
[WhiteElo "2110"]
[BlackElo "2018"]

1. Nf3 d5 2. c4 dxc4 3. e3 Nc6 4. Bxc4 e6 5. O-O Nf6 6. a3 Be7 7. b4 a6 8. Bb2
b5 9. Bb3 Bb7 10. Qc2 O-O 11. Nc3 Rc8 12. Rad1 Nb8 13. d4 Bd6 14. e4 Nfd7 15.
Bc1 Re8 16. Bg5 Be7 17. Bxe7 Qxe7 18. Rfe1 Qf8 19. Qd3 g6 20. Ng5 Rcd8 21. Qh3
h5 22. g4 Qh6 23. f4 h4 24. Rf1 Nf6 25. Nxf7 1-0

[Event "Blues"]
[Site "http://www.queenalice.com/game.php?id=1834254"]
[Date "2024.3.27"]
[Round "-"]
[White "donadama"]
[Black "bobifixer"]
[Result "0-1"]
[WhiteElo "2006"]
[BlackElo "1830"]

1. d4 Nf6 2. Nf3 d5 3. c4 c6 4. Bg5 g6 5. Nc3 Bg7 6. e3 Bg4 7. Be2 O-O 8. O-O
Nbd7 9. Qc2 Bxf3 10. Bxf3 dxc4 11. a4 a5 12. Rfe1 e5 13. Rad1 exd4 14. exd4 Qc7
15. h3 Nd5 16. Bxd5 cxd5 17. Nxd5 Qb8 18. Qxc4 Kh8 19. Re7 f6 20. Bf4 Qd8 21.
Rde1 Nb6 22. Nxb6 Qxb6 23. Rc7 Qxb2 24. Ree7 Qb1+ 25. Kh2 Rg8 0-1

[Event "AUTO-MASTER-3210"]
[Site "http://www.queenalice.com/game.php?id=1834258"]
[Date "2024.3.28"]
[Round "1"]
[White "Guilherme_Ottoni"]
[Black "donadama"]
[Result "1-0"]
[WhiteElo "2228"]
[BlackElo "2079"]

1. d4 d5 2. Nf3 e6 3. e3 Nf6 4. Bd3 Be7 5. O-O O-O 6. Nbd2 c5 7. c3 Bd7 8. Ne5
Nc6 9. Nxd7 Qxd7 10. Nf3 Rac8 11. Qe2 h6 12. Bd2 Rfe8 13. Rfc1 c4 14. Bc2 b5 15.
a3 Bd6 16. h3 e5 17. dxe5 Nxe5 18. Nd4 a6 19. Bf5 Qc7 20. Bxc8 Rxc8 21. a4 Nfd7
22. axb5 axb5 23. Ra2 Qb6 24. Rca1 Nc5 25. Nf5 Bf8 26. Ra7 Qd8 27. f4 Ned3 28.
Qg4 Qf6 29. Be1 Nxe1 30. Rxe1 Nb3 31. Nxh6+ 1-0

[Event "AUTO-MASTER-3210"]
[Site "http://www.queenalice.com/game.php?id=1834259"]
[Date "2024.3.28"]
[Round "1"]
[White "donadama"]
[Black "Guilherme_Ottoni"]
[Result "0-1"]
[WhiteElo "2069"]
[BlackElo "2236"]

1. d4 Nf6 2. c4 g6 3. Nf3 Bg7 4. Nc3 d5 5. Bg5 Ne4 6. e3 Nxg5 7. Nxg5 e5 8. Nf3
exd4 9. exd4 dxc4 10. Bxc4 Qe7+ 11. Qe2 Qxe2+ 12. Nxe2 O-O 13. Rd1 Nc6 14. O-O
Bg4 15. Bd5 Na5 16. b4 c6 17. Be4 Nc4 18. h3 Bxf3 19. Bxf3 Nd6 20. Rfe1 Rfe8 21.
Nf4 Rad8 22. Rxe8+ Rxe8 23. d5 cxd5 24. Nxd5 Rd8 25. Rc1 Nb5 26. a4 Nd4 27. Ne7+
Kf8 28. Rc7 Nxf3+ 29. gxf3 Bf6 30. Nc8 Be5 31. Rc4 Rd4 32. Rc5 Bb8 33. Rb5 Rd8
34. Nxa7 Bxa7 35. Rxb7 Bd4 36. a5 Ra8 37. Rb5 Ke8 38. Kf1 Ra6 39. Ke2 Kd7 40.
Kd3 Bxf2 41. Kc4 Rc6+ 0-1

[Event "AUTO-MASTER-3210"]
[Site "http://www.queenalice.com/game.php?id=1834274"]
[Date "2024.3.28"]
[Round "1"]
[White "Takeda"]
[Black "donadama"]
[Result "0-1"]
[WhiteElo "2048"]
[BlackElo "2060"]

1. e4 c5 2. Nf3 e6 3. Bc4 Nc6 4. O-O Qc7 5. c3 Nf6 6. d3 Be7 7. Nbd2 a6 8. a4
O-O 9. Re1 d6 10. Bb3 Bd7 11. Nf1 b5 12. axb5 axb5 13. Be3 h6 14. Bc2 b4 15. d4
bxc3 16. bxc3 cxd4 17. cxd4 Nb4 18. Bb3 Nxe4 19. Ng3 Nxg3 20. hxg3 d5 21. Bf4
Bd6 22. Ne5 Rxa1 23. Qxa1 Bxe5 24. Rxe5 Nd3 25. Re4 Nxf4 26. Rxf4 Rb8 27. Ba4
Ra8 0-1

[Event "AUTO-MASTER-3210"]
[Site "http://www.queenalice.com/game.php?id=1834275"]
[Date "2024.3.28"]
[Round "1"]
[White "donadama"]
[Black "Takeda"]
[Result "0-1"]
[WhiteElo "2061"]
[BlackElo "2006"]

1. d4 g6 2. Nf3 Bg7 3. c4 Nf6 4. Bg5 O-O 5. Nc3 d6 6. e3 c5 7. Bd3 cxd4 8. Nxd4
Nc6 9. O-O Nxd4 10. exd4 Bd7 11. Re1 Rc8 12. b3 h6 13. Bd2 Re8 14. Qc1 h5 15. h3
a6 16. Qb2 e5 17. d5 Nh7 18. Ne4 Bf5 19. Bc2 Bxe4 20. Bxe4 f5 21. Bc2 b5 22. Bc3
bxc4 23. bxc4 Rxc4 24. Bb3 Rc5 25. f4 Rxc3 26. Qxc3 exf4 27. Rxe8+ Qxe8 28. Qc1
Bxa1 29. Qxa1 Qe3+ 30. Kh1 f3 0-1

[Event "AUTO-MASTER-3210"]
[Site "http://www.queenalice.com/game.php?id=1834286"]
[Date "2024.3.28"]
[Round "1"]
[White "donadama"]
[Black "Canaye14"]
[Result "1-0"]
[WhiteElo "2072"]
[BlackElo "1840"]

1. d4 e6 2. c4 d5 3. Nc3 Bb4 4. Nf3 Ne7 5. Bg5 c5 6. e3 Nbc6 7. a3 Bxc3+ 8. bxc3
h6 9. Bh4 Qc7 10. Bd3 cxd4 11. exd4 O-O 12. O-O Bd7 13. c5 e5 14. Bxe7 Nxe7 15.
Nxe5 Bf5 16. Bxf5 Nxf5 17. Qd3 Ne7 18. Rfe1 Rfe8 19. Qf3 Rf8 20. Re3 f6 21. Nd3
Rae8 22. Rae1 Qd7 23. Nb4 a5 24. Nxd5 Ng6 25. g3 Rxe3 26. Rxe3 Qa4 27. Ne7+ Nxe7
28. Rxe7 Kh8 29. Qxb7 Rg8 30. Qb2 Qd1+ 31. Kg2 Qg4 32. Ra7 Re8 33. Qb7 h5 34. h3
Qg6 35. Ra8 Rxa8 36. Qxa8+ Kh7 37. Qf3 h4 38. g4 Qf7 39. c6 Qc7 40. Qf5+ Kg8 41.
d5 Kf7 42. Qe6+ Kf8 43. Kf3 a4 44. Ke4 Qa7 45. Qc8+ Ke7 46. Qb7+ Qxb7 47. cxb7
1-0

[Event "AUTO-MASTER-3210"]
[Site "http://www.queenalice.com/game.php?id=1834287"]
[Date "2024.3.28"]
[Round "1"]
[White "Canaye14"]
[Black "donadama"]
[Result "0-1"]
[WhiteElo "1872"]
[BlackElo "2064"]

1. d4 d5 2. Nf3 Nf6 3. c4 e6 4. cxd5 Nxd5 5. Nc3 Bb4 6. Qc2 Nc6 7. e3 O-O 8. Be2
Re8 9. O-O h6 10. a3 Be7 11. Rd1 b6 12. b4 Bb7 13. Rb1 Bf6 14. e4 Nxc3 15. Qxc3
Nb8 16. e5 Be7 17. Bf4 Qc8 18. Rbc1 c6 19. Bc4 b5 20. Bb3 Qc7 21. d5 exd5 22.
Rxd5 c5 23. Rd2 c4 24. Bc2 Nc6 25. Re1 Nd8 26. Red1 Bc6 27. Rd4 Ne6 28. Bxh6
Nxd4 29. Rxd4 Bxf3 30. Qxf3 Qxe5 31. Qe3 Qxe3 32. Bxe3 Bf6 33. Rg4 Rad8 34. h4
c3 35. h5 Rxe3 36. h6 Re1+ 37. Kh2 Be5+ 38. f4 Bf6 39. hxg7 Bxg7 40. f5 Kf8 41.
a4 Rd2 42. Bb3 c2 0-1

[Event "Challenge"]
[Site "http://www.queenalice.com/game.php?id=1834489"]
[Date "2024.4.2"]
[Round "-"]
[White "jogo"]
[Black "donadama"]
[Result "0-1"]
[WhiteElo "1817"]
[BlackElo "2006"]

1. e4 c5 2. Nf3 e6 3. c3 Nc6 4. d4 cxd4 5. cxd4 Bb4+ 6. Bd2 Qb6 7. Bxb4 Qxb4+ 8.
Qd2 Qxd2+ 9. Nbxd2 Nge7 10. O-O-O d5 11. Bb5 dxe4 12. Nxe4 O-O 13. g4 Rd8 14. h3
a6 15. Be2 Nd5 16. a3 Nf4 17. Bc4 b5 18. Ba2 Ne2+ 19. Kc2 Nexd4+ 20. Nxd4 Rxd4
21. Rxd4 Nxd4+ 22. Kc3 e5 23. f4 Ne2+ 24. Kd2 Nxf4 25. Ng5 Be6 26. Bxe6 Nxe6 27.
Nxe6 fxe6 28. Re1 Rd8+ 29. Kc3 Rd5 30. Kb4 a5+ 31. Kxa5 Kf7 32. Rf1+ Ke7 0-1

[Event "Challenge"]
[Site "http://www.queenalice.com/game.php?id=1836240"]
[Date "2024.5.3"]
[Round "-"]
[White "jogo"]
[Black "donadama"]
[Result "1-0"]
[WhiteElo "1861"]
[BlackElo "2019"]

1. e4 e5 2. Nc3 Nf6 3. f4 d6 4. Nf3 Nc6 5. Bb5 Bd7 6. d4 exd4 7. Nxd4 Nxd4 8.
Bxd7+ Qxd7 9. Qxd4 Rd8 10. e5 Ng4 11. h3 Nh6 12. exd6 Bxd6 13. Qxg7 1-0

[Event "Challenge"]
[Site "http://www.queenalice.com/game.php?id=1836611"]
[Date "2024.5.11"]
[Round "-"]
[White "JJerzy"]
[Black "donadama"]
[Result "1-0"]
[WhiteElo "2158"]
[BlackElo "2029"]

1. d4 d5 2. Nf3 Nf6 3. b3 e6 4. Bg5 Be7 5. e3 c5 6. Bd3 Nc6 7. c3 a6 8. O-O O-O
9. Nbd2 cxd4 10. exd4 b5 11. Rc1 Bd7 12. Re1 h6 13. Bh4 Be8 14. Bg3 Rc8 15. Ne5
Nxe5 16. Bxe5 Nd7 17. Nf3 Nxe5 18. Nxe5 Bg5 19. Rc2 Qf6 20. Ng4 Qe7 21. g3 h5
22. Ne3 Rc6 23. Nxd5 1-0